|
|
|
|
| LEADER |
00000nab a2200000 a 4500 |
| 001 |
vtls000581718 |
| 003 |
SK-MaSNL |
| 005 |
20260318123837.0 |
| 008 |
180331c1996 xo 0 hun |
| 015 |
|
|
|a SNBRB19rr/mm-uuuuu
|
| 035 |
|
|
|a CL0581857
|
| 040 |
|
|
|a SNKBUCL
|b slo
|c SNKBUCL
|e AACR2
|
| 041 |
0 |
|
|a hun
|
| 044 |
|
|
|a xo
|c SK
|
| 080 |
|
|
|a 809.451.1
|2 1981
|
| 080 |
|
|
|a 800.8
|2 1981
|
| 100 |
1 |
|
|a Lanstyák, István,
|d 1959-
|4 aut
|9 86473
|
| 245 |
1 |
0 |
|a A kodifikálás lehetőségei a magyar nyelv állami változataiban
|c István Lanstyák
|
| 300 |
|
|
|b Lit. 14 zázn. v maď., češ.
|
| 650 |
0 |
7 |
|a maďarčina
|2 snkbucl
|9 1492
|
| 650 |
0 |
7 |
|a spisovný jazyk
|2 snkbucl
|9 1367
|
| 650 |
0 |
7 |
|a Maďari na Slovensku
|2 snkbucl
|9 373044
|
| 655 |
|
7 |
|a články z novín a časopisov
|2 snkbucl
|9 267496
|
| 773 |
0 |
|
|t Irodalmi szemle
|g Roč. 39, č. 3 (1996), s. 76-77
|
| 850 |
|
|
|a Slovenská národná knižnica v Martine
|a DSG001
|
| 852 |
|
|
|a SNK
|b KIS3GCP
|
| 958 |
|
|
|a NB
|
| 958 |
|
|
|a RK
|
| 958 |
|
|
|a HU
|
| 958 |
|
|
|a SK
|
| 992 |
|
|
|a RBX
|
| 999 |
|
|
|c 2272813
|d 2274743
|